Minute book no 4 (Record no. 104271)

MARC details
000 -LEADER
fixed length control field 00499cam a2200181 4500
001 - CONTROL NUMBER
control field L129735
008 - FIXED-LENGTH DATA ELEMENTS--GENERAL INFORMATION
fixed length control field 050516n1970 000 0 eng u
035 ## - SYSTEM CONTROL NUMBER
System control number (Sirsi) u129735
041 ## - LANGUAGE CODE
Language code of text/sound track or separate title eng
050 ## - LIBRARY OF CONGRESS CALL NUMBER
Classification number 692.3
-- 18
110 ## - MAIN ENTRY--CORPORATE NAME
Corporate name or jurisdiction name as entry element Standard Method of Measurement Joint Committee
9 (RLIN) 4716
245 ## - TITLE STATEMENT
Title Minute book no 4
260 ## - PUBLICATION, DISTRIBUTION, ETC.
Date of publication, distribution, etc. 1954-1970
300 ## - PHYSICAL DESCRIPTION
Extent 1
Type of unit v.
Dimensions 30cm.
490 ## - SERIES STATEMENT
Series statement Standard Method of Measurement Joint Committee Minute Book
690 ## - LOCAL SUBJECT ADDED ENTRY--TOPICAL TERM (OCLC, RLIN)
Topical term or geographic name as entry element Quantity surveying
9 (RLIN) 6263
942 ## - ADDED ENTRY ELEMENTS (KOHA)
Suppress in OPAC 0
Holdings
Withdrawn status Lost status Source of classification or shelving scheme Damaged status Not for loan Home library Current library Shelving location Date acquired Total Checkouts Full call number Barcode Date last seen Copy number Price effective from Koha item type
    Dewey Decimal Classification     London London Archive copy 16/05/2005   MINUTE BOOKS 129735-1001 06/08/2019 1 06/08/2019 Archive